| 000 | 00763nam a2200253 i 4500 | ||
|---|---|---|---|
| 003 | DO-SdBNP | ||
| 005 | 20260306070305.0 | ||
| 007 | ta | ||
| 008 | 260306b1978 dr ||||| |||| 00| 0 spa d | ||
| 040 |
_aDO-SdBNP _bspa _cBNPHU _erda |
||
| 041 | _aspa | ||
| 082 | 4 |
_axxx _bxxx _222 |
|
| 100 |
_aSilié, Bruno, _eautor _4aut. _927147 _d1949- |
||
| 245 | 1 | 0 |
_aCalibre 45 / _cBruno Silié |
| 264 | 1 |
_aSanto Domingo : _bEstudio Editorial Incoco, _c1978. |
|
| 300 |
_a48 péginas ; _c13 cm. |
||
| 336 |
_atexto _btxt _2rdacontent |
||
| 337 |
_asin mediación _bn _2rdamedia |
||
| 338 |
_avolumen _bnc _2rdacarrier |
||
| 500 | _aIncluye datos biográficos del autor en la solapa de la cubierta | ||
| 590 | _aInventariado, 2026/BT | ||
| 910 | _aBtavárez | ||
| 942 |
_2ddc _cLF2 |
||
| 999 |
_c60443 _d60443 |
||